Normal view
MARC view
- جرار، عادل احمد
Entry Personal Name
001 - CONTROL NUMBER
- control field: 20051
003 - CONTROL NUMBER IDENTIFIER
- control field: JO-AjAnu
005 - DATE AND TIME OF LATEST TRANSACTION
- control field: 20230606073508.0
008 - FIXED-LENGTH DATA ELEMENTS
- fixed length control field: 230606|| aca||aabn | a|a d
040 ## - CATALOGING SOURCE
- Original cataloging agency: JO-AjAnu
- Transcribing agency: JO-AjAnu
100 ## - HEADING--PERSONAL NAME
- Personal name: جرار، عادل احمد
670 ## - SOURCE DATA FOUND
- Source citation: Work cat.: (JO-AjAnu)10296: جرار، عادل احمد , author, جولات في دروب العلم الحديث (منطق تطور الفكر العلمي)